CONSTITUTIONAL LAW OF INDIA (Record no. 27620)
[ view plain ]
| 000 -LEADER | |
|---|---|
| fixed length control field | 00308nam a22001457a 4500 |
| 003 - CONTROL NUMBER IDENTIFIER | |
| control field | SGT |
| 020 ## - INTERNATIONAL STANDARD BOOK NUMBER | |
| International Standard Book Number | 8171180787 |
| 082 ## - DEWEY DECIMAL CLASSIFICATION NUMBER | |
| Classification number | 342.0954 |
| Item number | SEE |
| 100 ## - MAIN ENTRY--PERSONAL NAME | |
| Personal name | SEERVAI H M |
| 245 ## - TITLE STATEMENT | |
| Title | CONSTITUTIONAL LAW OF INDIA |
| 250 ## - EDITION STATEMENT | |
| Edition statement | 4 |
| 260 ## - PUBLICATION, DISTRIBUTION, ETC. (IMPRINT) | |
| Place of publication, distribution, etc | BOMBAY |
| Name of publisher, distributor, etc | N M TRIPATHI |
| Year of Publication | 1996 |
| 300 ## - PAGE DESCRIPTION | |
| No. of Pages | 3251 |
| 942 ## - ADDED ENTRY ELEMENTS (KOHA) | |
| Source of classification or shelving scheme | Dewey Decimal Classification |
| Koha item type | Books |
| Withdrawn status | Lost status | Source of classification or shelving scheme | Damaged status | Not for loan | Collection code | Home library | Current library | Shelving location | Date acquired | Cost, normal purchase price | Volume Information (Serial or Books or Non-Book Material) | SGTU | Full call number | Accession No. (Barcode) | Date last seen | Bill Date | Koha item type |
|---|---|---|---|---|---|---|---|---|---|---|---|---|---|---|---|---|---|
| Dewey Decimal Classification | LAW | SGT Science & Social Sciences Library | SGT Science & Social Sciences Library | Text Book | 22/11/2024 | 900.00 | III | SGTU | 342.0954 SEE | FL3494 | 22/11/2024 | 22/11/2024 | Books |